Statistics for Countries Closest to Kyrgyzstan

Click here to take the quiz!

General Stats

  • This quiz has been taken 91 times
  • The average score is 18 of 20

Answer Stats

km country miles % Correct
0Kazakhstan0
100%
0Uzbekistan0
99%
0China0
98%
0Tajikistan0
98%
101Afghanistan62
98%
290Turkmenistan180
98%
262Pakistan163
96%
886Russia550
95%
1197Nepal744
95%
1764Bhutan1096
95%
1937Armenia1204
94%
525India326
94%
787Iran489
94%
1606Azerbaijan998
94%
2058Iraq1279
93%
1906Georgia1184
91%
920Mongolia571
89%
1871Bangladesh1163
85%
1937United Arab
Emirates
1204
59%
1890Oman1174
58%

Score Distribution

Percentile by Number Answered

Percent of People with Each Score

Your Score History

You have not taken this quiz